2023 NFL Teams QB/RB/WR - Statistics

General Stats
  • This quiz has been taken 266 times
  • The average score is 71 of 96
Answer Stats
Teams Pos Players % Correct
WR Marquise Brown
90%
WR Amon-ra St. Brown
89%
WR A.J. Brown
88%
Baltimore Ravens QB Lamar Jackson
86%
Buffalo Bills QB Josh Allen
85%
RB Aaron Jones
84%
New York Giants QB Daniel Jones
84%
WR Keenan Allen
84%
Minnesota Vikings QB Kirk Cousins
84%
New England Patriots QB Mac Jones
84%
Kansas City Chiefs QB Patrick Mahomes
84%
Denver Broncos QB Russell Wilson
84%
Los Angeles Chargers QB Justin Herbert
83%
RB Khalil Herbert
83%
WR Tyreek Hill
83%
New York Jets QB Aaron Rodgers
82%
Dallas Cowboys QB Dak Prescott
82%
New Orleans Saints QB Derek Carr
82%
WR Garrett Wilson
82%
WR Ja'Marr Chase
82%
RB James Conner
82%
Cincinnati Bengals QB Joe Burrow
82%
WR Justin Jefferson
82%
RB Breece Hill
81%
San Francisco 49ers QB Brock Purdy
81%
Cleveland Browns QB Deshaun Watson
81%
Seattle Seahawks QB Geno Smith
81%
Philadelphia Eagles QB Jalen Hurts
81%
Detroit Lions QB Jared Goff
81%
Arizona Cardinals QB Josh Dobbs
81%
WR JuJu Smith-Schuster
81%
Los Angeles Rams QB Matthew Stafford
81%
Miami Dolphins QB Tua Tagovailoa
81%
WR Christian Watson
80%
Houston Texans QB C.J. Stroud
80%
WR Cooper Kupp
80%
WR Davante Adams
80%
Green Bay Packers QB Jordan Love
80%
Chicago Bears QB Justin Fields
80%
WR Stefon Diggs
80%
Tampa Bay Buccaneers QB Baker Mayfield
79%
Carolina Panthers QB Bryce Young
79%
Jacksonville Jaguars QB Trevor Lawrence
79%
RB Bijan Robinson
78%
WR Ceedee Lamb
78%
WR Deebo Samuel
78%
RB Joe Mixon
78%
RB Derrick Henry
77%
WR D.J. Moore
77%
RB James Cook
77%
RB Saquon Barkley
77%
RB Brian Robinson Jr.
76%
Pittsburgh Steelers QB Kenny Pickett
76%
RB Nick Chubb
76%
RB Tony Pollard
76%
WR Wan'Dale Robinson
76%
WR Mike Evans
75%
WR DK Metcalf
74%
RB Josh Jacobs
74%
RB Alvin Kamara
73%
RB Javonte Williams
73%
RB Jonathan Taylor
73%
RB Najee Harris
73%
WR Amari Cooper
72%
Indianapolis Colts QB Anthony Richardson
72%
WR Deandre Hopkins
72%
RB Isiah Pacheco
72%
RB Kyron Williams
72%
WR George Pickens
71%
RB Raheem Mostert
71%
Tennessee Titans QB Ryan Tannehill
71%
RB Austin Ekeler
70%
RB D'Andre Swift
70%
RB David Montgomery
70%
WR Drake London
70%
Las Vegas Raiders QB Jimmy Garoppolo
70%
Washington Commanders QB Sam Howell
70%
WR Chris Olave
69%
WR Jerry Jeudy
69%
WR Adam Thielen
68%
WR Terry McLaurin
68%
RB Kenneth Walker
67%
RB Travis Etienne
67%
WR Zay Flowers
67%
WR Michael Pittman Jr.
65%
WR Nico Collins
65%
RB Miles Sanders
63%
RB J.K. Dobbins
62%
WR Calvin Ridley
61%
RB Rachaad White
58%
RB Alexander Mattison
57%
RB Dameon Pierce
57%
WR Kadarius Tony
54%
RB Christian McCaffery
33%
Atlanta Falcons QB Desmond Riddler
9%
RB Rhamondre Steveson
4%
No matching quizzes found
Score Distribution
Percent of People with Each Score
Percentile by Number Answered
Your Score History
You have not taken this quiz